Selection of articles from Architecture,the monthly Mmagazine of the American Institute of Architecture/ (Record no. 14854)
[ view plain ]
| 000 -LEADER | |
|---|---|
| fixed length control field | 00680nam a22001577a 4500 |
| 008 - FIXED-LENGTH DATA ELEMENTS--GENERAL INFORMATION | |
| fixed length control field | 161010b xxu||||| |||| 00| 0 eng d |
| 020 ## - INTERNATIONAL STANDARD BOOK NUMBER | |
| International Standard Book Number | 155835056 |
| 020 ## - INTERNATIONAL STANDARD BOOK NUMBER | |
| International Standard Book Number | 1558350640 |
| 050 ## - LIBRARY OF CONGRESS CALL NUMBER | |
| Classification number | NA 712 .A64 1990 |
| 100 ## - MAIN ENTRY--PERSONAL NAME | |
| Personal name | American architecture of the 1980s |
| 245 ## - TITLE STATEMENT | |
| Title | Selection of articles from Architecture,the monthly Mmagazine of the American Institute of Architecture/ |
| Statement of responsibility, etc. | American Architecture of the 1980s |
| 260 ## - PUBLICATION, DISTRIBUTION, ETC. (IMPRINT) | |
| Place of publication, distribution, etc. | Washington ,DC. : |
| Name of publisher, distributor, etc. | The American Institute of Architects press , |
| Date of publication, distribution, etc. | c1990 |
| 300 ## - PHYSICAL DESCRIPTION | |
| Extent | xiv, 342p. : |
| Other physical details | ill. ; |
| Dimensions | 24cm. |
| 650 ## - SUBJECT ADDED ENTRY--TOPICAL TERM | |
| Topical term or geographic name as entry element | Architecture,Modern |
| General subdivision | 20th century |
| Chronological subdivision | Themes,Motives |
| Geographic subdivision | United States |
| 942 ## - ADDED ENTRY ELEMENTS (KOHA) | |
| Source of classification or shelving scheme | |
| Koha item type | Hard Covered Materials |
| Classification part | NA 712 .A64 1990 |
| Withdrawn status | Lost status | Source of classification or shelving scheme | Damaged status | Not for loan | Home library | Current library | Shelving location | Date acquired | Source of acquisition | Total Checkouts | Full call number | Barcode | Date last seen | Price effective from | Koha item type |
|---|---|---|---|---|---|---|---|---|---|---|---|---|---|---|---|
| MACHAKOS UNIVERSITY LIBRARY | MACHAKOS UNIVERSITY LIBRARY | Open shelf | 10/10/2016 | Donation(BFA) | NA 712 .A64 1990 | 26723 | 10/10/2016 | 10/10/2016 | Hard Covered Materials |